|
|
|
|
| LEADER |
00000cam a2200000 a 4500 |
| 001 |
vtls001349017 |
| 003 |
SK-MaSNL |
| 005 |
20260302000050.0 |
| 008 |
240709s1998 xo o gr 000 1 slo |
| 015 |
|
|
|a SNBA1999/03-00820
|
| 020 |
|
|
|a 8070904887
|q (viaz.)
|
| 035 |
|
|
|a SNK000302313
|
| 035 |
|
|
|a urn:nbn:sk:snk-amkij2
|
| 035 |
|
|
|a urn:nbn:sk:snk-am008ha3
|
| 035 |
|
|
|a 3837091E-2F0D-48C3-8135-87C37F4856F7
|
| 040 |
|
|
|a SNK
|b slo
|c SNK
|e AACR2
|
| 041 |
0 |
|
|a slo
|
| 044 |
|
|
|a xo
|c SK
|
| 072 |
|
7 |
|a 821.162.4-3
|x Slovenská próza
|2 konspekt
|
| 080 |
|
|
|a 885.4-94
|2 1981
|
| 080 |
|
|
|a 32-05
|2 1981
|
| 080 |
|
|
|a 929 Mikuš, Jozef A.
|2 1981
|
| 100 |
1 |
|
|a Mikuš, Jozef A.,
|d 1909-2005
|4 aut
|9 120390
|
| 245 |
1 |
0 |
|a Pamäti slovenského diplomata
|c Jozef A. Mikuš
|
| 250 |
|
|
|a 2. upr. vyd.
|
| 260 |
|
|
|a Martin
|b Matica slovenská
|c 1998
|
| 300 |
|
|
|a 294 s.
|b fotogr.
|c 24 cm
|
| 500 |
|
|
|a Fotogr. na front.
|
| 504 |
|
|
|a Men. reg.
|
| 600 |
1 |
7 |
|a Mikuš, Jozef A.,
|d 1909-2005
|2 SNKMA
|9 120390
|
| 655 |
|
7 |
|a slovenské prózy
|2 SNKPH
|9 70229
|
| 655 |
|
7 |
|a pamäti
|2 SNKPH
|9 76080
|
| 700 |
1 |
|
|a Vaško, Imrich,
|d 1936-2010
|4 dnr
|9 206049
|
| 852 |
|
|
|a Slovenská národná knižnica
|
| 919 |
|
|
|a 80-7090-488-7
|
| 954 |
|
|
|a beletria pôvodná (slovenská)
|2 lita
|
| 958 |
|
|
|a TL
|
| 958 |
|
|
|a LX
|
| 999 |
|
|
|c 977857
|d 979787
|
| 952 |
|
|
|t P60, <03>, [BOOK], {603}
|a SNK
|b SNK
|y PREZ
|7 0
|p 17A0171074
|o snkSC 97280
|i snkKSP 10919/98
|0 0
|1 0
|4 0
|d 1998-11-23
|f 1
|l 0
|r 2025-09-16 00:00:00
|w 2026-02-24
|
| 952 |
|
|
|t P60, <04>, [BOOK], {604}
|a SNK
|b SNK
|y VYP
|7 0
|p 17A0171075
|o snkSC 97280 D1
|i snkKSP 10920/98
|0 0
|1 0
|4 0
|d 1998-11-23
|l 0
|r 2005-01-02 00:00:00
|w 2026-02-24
|
| 952 |
|
|
|a SNK
|b SNK
|y NEVYP
|7 0
|p 17A0160898
|0 0
|1 1
|4 0
|d 1998-12-09
|l 0
|r 2005-01-02 00:00:00
|w 2026-02-24
|
| 952 |
|
|
|t P60, <09>, [BOOK], {629}
|a SNK
|b SNK
|y NEVYP
|7 0
|o snkC 28
|i snk62/990125
|0 0
|1 0
|4 0
|d 1999-01-22
|l 0
|r 2005-01-02 00:00:00
|w 2026-02-24
|